Poor-mouth jubilee : poems /
Saved in:
| Main Author: | |
|---|---|
| Format: | Book |
| Language: | English |
| Published: |
North Adams, Mass. :
Tupelo Press,
2010.
|
| Edition: | 1st paperback ed. |
| Series: | Tupelo Press masters series.
|
| Subjects: | |
| Tags: |
Add Tag
No Tags, Be the first to tag this record!
|
| LEADER | 00812cam a2200277 a 4500 | ||
|---|---|---|---|
| 001 | 012663264-2 | ||
| 005 | 20110502230639.0 | ||
| 008 | 100511s2010 mau b 000 0 eng | ||
| 010 | |a 2010019952 | ||
| 020 | |a 9781932195897 (pbk. : alk. paper) | ||
| 020 | |a 1932195890 (pbk. : alk. paper) | ||
| 035 | 0 | |a ocn614397566 | |
| 040 | |a DLC |c DLC |d YDX |d YDXCP |d CDX | ||
| 050 | 0 | 0 | |a PS3553.H535 |b P66 2010 |
| 082 | 0 | 0 | |a 811/.54 |2 22 |
| 100 | 1 | |a Chitwood, Michael. | |
| 245 | 1 | 0 | |a Poor-mouth jubilee : |b poems / |c by Michael Chitwood. |
| 250 | |a 1st paperback ed. | ||
| 260 | |a North Adams, Mass. : |b Tupelo Press, |c 2010. | ||
| 300 | |a viii, 79 p. ; |c 23 cm. | ||
| 490 | 1 | |a The Tupelo masters series | |
| 650 | 0 | |a Poetry. | |
| 830 | 0 | |a Tupelo Press masters series. | |
| 899 | |a 415_565601 | ||
| 988 | |a 20110503 | ||
| 906 | |0 DLC | ||


